'Y' in Disney Quiz Stats

 Plays Quiz not verified by Sporcle

Support Sporcle.
Go Orange.
Score 0/8 Timer 04:00
1 Play Today
Hint Answer % Correct
During the ballroom dance in “Beauty and the Beast”, Belle is wearing a dress of this colorYellow
97%
This sorceress is the main villain in “The Emperor’s New Groove”Yzma
79.9%
Kala sings this song to a baby Tarzan to calm himYou’ll Be In My Heart
64.4%
The pink flamingo in the “Carnival of the Animals, Finale” segment of “Fantasia 2000” loves playing with this toyYo-Yo
63.9%
The three soldiers who befriend Mulan are Chen Po, Ling and _______Yao
49.5%
The powerful sorcerer and teacher of Mickey Mouse in “The Sorcerer's Apprentice” segment of “Fantasia”Yen Sid
43.7%
In “Big Hero 6”, this is the name adopted by Prof. Robert Callaghan when he assumes his masked supervillain identityYokai
18.8%
In “Zootopia” he is the owner of the naturist club Mystic Spring Oasis and is usually found sitting at the front desk, meditating loudlyYax
17%

You're not logged in!

Compare scores with friends on all Sporcle quizzes.
OR
Log In

From the Vault

2012-13 UEFA Champions' League Groups

by guide

Champions League starts on September 18th. Are you ready?
Remove Ads.
Support Sporcle.
Get the best of Sporcle when you Go Orange. This ad-free experience offers more features, more stats, and more fun while also helping to support Sporcle. Thank you for becoming a member.

Show Comments

Extras

Top Quizzes Today


Score Distribution

Your Account Isn't Verified!

In order to create a playlist on Sporcle, you need to verify the email address you used during registration. Go to your Sporcle Settings to finish the process.

Report this User

Report this user for behavior that violates our Community Guidelines.

Details: